| 000 | 00477nam a22001817a 4500 | ||
|---|---|---|---|
| 003 | MPLRDC | ||
| 005 | 20220104162325.0 | ||
| 008 | 210129b ||||| |||| 00| 0 eng d | ||
| 020 | _a7-02-005480-0 | ||
| 082 | _a874.6 KOS | ||
| 100 | _aELIZABETH KOSTOVA | ||
| 245 |
_a历史学家 _c凌建娥,刘玉红译 |
||
| 250 | _a一版三刷 | ||
| 260 |
_a中国 _b人民文学出版社 _c2006 |
||
| 300 | _b579 | ||
| 650 | _a美国文学--长篇小说 | ||
| 942 |
_cBK _o874.6 KOS |
||
| 999 |
_c55912 _d55902 |
||